000 00620nam a2200217Ia 4500
008 160404s9999 xx 000 0 und d
020 _a971-08-0087-6
050 _aFIL HF 5415.12
050 _b.P5D45 1983
100 _aDel Val, Edgar P.
245 _aMarketing management in the Philippine setting /
245 _cEdgar P. Del Val.
260 _aMandaluyong:
260 _bNational Book Store.,
260 _c1983
300 _a221 pages :
300 _billustrations ;
300 _c22 cm.
500 _aIncludes bibliographical references and index.
650 _aMarketing management -- Philippines.
999 _c293317
_d293317